From Euclid to Eddington (Record no. 1855)

MARC details
000 -LEADER
fixed length control field 00527nam a2200169Ia 4500
003 - CONTROL NUMBER IDENTIFIER
control field IN-BaIIA
008 - FIXED-LENGTH DATA ELEMENTS--GENERAL INFORMATION
fixed length control field 211028s9999 xx 000 0 eng d
040 ## - CATALOGING SOURCE
Transcribing agency IIA Library
080 ## - UNIVERSAL DECIMAL CLASSIFICATION NUMBER
Universal Decimal Classification number 530.1
Item number WHI
100 ## - MAIN ENTRY--PERSONAL NAME
Personal name Whittaker, Edmund
9 (RLIN) 3560
245 #0 - TITLE STATEMENT
Title From Euclid to Eddington
Remainder of title a study of conceptions of the external world
Statement of responsibility, etc. Edmund Whittaker
260 ## - PUBLICATION, DISTRIBUTION, ETC.
Place of publication, distribution, etc. New York
Date of publication, distribution, etc. 1958
300 ## - PHYSICAL DESCRIPTION
Extent ix, 212p.
650 ## - SUBJECT ADDED ENTRY--TOPICAL TERM
Topical term or geographic name entry element Astronomy and astrophysics thesaurus
650 ## - SUBJECT ADDED ENTRY--TOPICAL TERM
Topical term or geographic name entry element Physics
9 (RLIN) 73
942 ## - ADDED ENTRY ELEMENTS (KOHA)
Koha item type Books
Holdings
Withdrawn status Lost status Damaged status Not for loan Home library Current library Shelving location Date acquired Cost, normal purchase price Total Checkouts Full call number Barcode Date last seen Cost, replacement price Price effective from Koha item type Purchase Price
        IIA Library-Bangalore IIA Library-Bangalore General Stacks   6.07   530.1/ WHI 2039 05/11/2021 6.07   Books Rs. 6.07

Powered by Koha